[Event "Chesspangenberg op 1st"]
[Site "Buenos Aires"]
[Date "2003.11.07"]
[Round "4"]
[White "Dolezal, Cristian"]
[Black "Rodriguez Vila, Andres"]
[Result "1/2-1/2"]
[WhiteElo "2410"]
[BlackElo "2498"]
[PlyCount "80"]
[EventDate "2003.11.04"]
[EventType "swiss"]
[EventRounds "9"]
[EventCountry "ARG"]
[SourceTitle "EXT 2004"]
[Source "ChessBase"]
[SourceDate "2003.11.25"]
[SourceVersion "1"]
[SourceVersionDate "2003.11.25"]
[SourceQuality "1"]

1. e4 e6 2. d4 d5 3. Nc3 Bb4 4. Bd3 dxe4 5. Bxe4 Nf6 6. Bf3 Nc6 7. Nge2 Ne7 8.
O-O c6 9. Ne4 Ng6 10. Nxf6+ Qxf6 11. Ng3 O-O 12. c3 Ba5 13. Nh5 Qd8 14. Nf4 Bc7
15. Nxg6 hxg6 16. Re1 Re8 17. Be3 a5 18. Qd2 a4 19. Bf4 Ra5 20. Bxc7 Qxc7 21.
Re4 Rd8 22. Qe2 b6 23. Re1 Ba6 24. c4 Qd6 25. Qc2 Qb4 26. d5 Rc5 27. dxe6 f5
28. e7 Re8 29. a3 Qa5 30. R4e3 Bxc4 31. Qd1 Bd5 32. b4 axb3 33. Bxd5+ Rxd5 34.
Qxb3 Qb5 35. Qa2 Qc5 36. Re5 b5 37. Rxd5 Qxd5 38. Qxd5+ cxd5 39. Kf1 Kf7 40.
Re5 Rxe7 1/2-1/2

[Event "Chesspangenberg op 1st"]
[Site "Buenos Aires"]
[Date "2003.11.10"]
[Round "6"]
[White "Felgaer, Ruben Alejandro"]
[Black "Rodriguez Vila, Andres"]
[Result "1/2-1/2"]
[WhiteElo "2554"]
[BlackElo "2498"]
[PlyCount "157"]
[EventDate "2003.11.04"]
[EventType "swiss"]
[EventRounds "9"]
[EventCountry "ARG"]
[SourceTitle "EXT 2004"]
[Source "ChessBase"]
[SourceDate "2003.11.25"]
[SourceVersion "1"]
[SourceVersionDate "2003.11.25"]
[SourceQuality "1"]

1. e4 d6 2. d4 Nd7 3. Nc3 g6 4. f4 Bg7 5. Nf3 a6 6. Bd3 c5 7. dxc5 Nxc5 8. O-O
b5 9. Kh1 Bb7 10. Qe1 Nf6 11. a3 O-O 12. f5 Qd7 13. Qh4 gxf5 14. Nd4 fxe4 15.
Be2 Kh8 16. Nf5 Rg8 17. Be3 Ne6 18. Rad1 Rac8 19. Bh5 Nxh5 20. Qxh5 f6 21. Qf7
Rc7 22. Ne2 Bc8 23. Qh5 Rxc2 24. Neg3 Rxb2 25. Qf7 Bf8 26. Rc1 Nd8 27. Qh5 Bb7
28. Rf4 e5 29. Rg4 Qf7 30. Rxg8+ Kxg8 31. Qh4 Qg6 32. Rc7 Rb1+ 33. Bg1 e3 34.
Ne4 Bxe4 35. Qxe4 Rd1 36. Rg7+ Bxg7 37. Ne7+ Kf7 38. Nxg6 hxg6 39. Qxe3 Ne6 40.
Qb3 Rc1 41. Qe3 Rc4 42. Qa7+ Nc7 43. g3 Rc1 44. Kg2 Rc2+ 45. Kh1 Kg8 46. Bb6
Ne6 47. Qa8+ Kh7 48. Qd5 Nc5 49. Bd8 f5 50. Qd1 Ra2 51. Qd5 Rxa3 52. Qf7 Ne4
53. Be7 Kh6 54. Qg8 Ra1+ 55. Kg2 Rc1 56. Bf8 Rc2+ 57. Kf1 Kg5 58. Qxg7 Rc1+ 59.
Ke2 Rc2+ 60. Kd1 Rxh2 61. Be7+ Kg4 62. Qxg6+ Kf3 63. Qxf5+ Ke3 64. Bg5+ Kd4 65.
Qg4 Rg2 66. Qf3 Rg1+ 67. Kc2 Rxg3 68. Be3+ Kd5 69. Qf7+ Kc6 70. Qe8+ Kc7 71.
Ba7 Rc3+ 72. Kb2 Rc4 73. Qb8+ Kd7 74. Qb7+ Ke6 75. Qxa6 Rb4+ 76. Kc2 Rc4+ 77.
Kb2 Rb4+ 78. Kc2 Rc4+ 79. Kb2 1/2-1/2

[Event "Chesspangenberg op 1st"]
[Site "Buenos Aires"]
[Date "2003.11.13"]
[Round "9"]
[White "Rodriguez Vila, Andres"]
[Black "Julia, Ernesto"]
[Result "1-0"]
[WhiteElo "2498"]
[BlackElo "2387"]
[PlyCount "51"]
[EventDate "2003.11.04"]
[EventType "swiss"]
[EventRounds "9"]
[EventCountry "ARG"]
[SourceTitle "EXT 2004"]
[Source "ChessBase"]
[SourceDate "2003.11.25"]
[SourceVersion "1"]
[SourceVersionDate "2003.11.25"]
[SourceQuality "1"]

1. e4 c5 2. Nf3 e6 3. d4 cxd4 4. Nxd4 Nf6 5. Nc3 d6 6. g4 a6 7. Bg2 Nc6 8. Nxc6
bxc6 9. e5 dxe5 10. Bxc6+ Bd7 11. Bg2 Rc8 12. g5 Rxc3 13. bxc3 Nd5 14. Bxd5
exd5 15. Qxd5 Qc7 16. Rb1 Bc8 17. c4 Bd6 18. O-O O-O 19. Rd1 Rd8 20. Be3 Be6
21. Bb6 Qc8 22. Qxd6 Rxd6 23. Rxd6 Bd7 24. Bc7 Qxc7 25. Rxd7 Qc8 26. Rbd1 1-0

[Event "URU-chT 30th"]
[Site "Mercedes"]
[Date "2003.11.22"]
[Round "2"]
[White "Rodriguez Vila, Andres"]
[Black "Saralegui Cassan, Mario"]
[Result "1-0"]
[WhiteElo "2485"]
[BlackElo "2199"]
[PlyCount "47"]
[EventDate "2003.11.22"]
[EventType "team"]
[EventRounds "5"]
[EventCountry "URU"]
[SourceTitle "CBM 097 Extra"]
[Source "ChessBase"]
[SourceDate "2004.01.13"]
[SourceVersion "1"]
[SourceVersionDate "2004.01.13"]
[SourceQuality "1"]

1. e4 e5 2. Nf3 Nc6 3. Bc4 Nf6 4. d3 Be7 5. O-O d6 6. c3 O-O 7. Nbd2 a6 8. Bb3
h6 9. Re1 Re8 10. Nf1 Bf8 11. Ng3 d5 12. exd5 Nxd5 13. d4 Nf4 14. Nxe5 Nxe5 15.
Bxf4 Ng6 16. Qh5 Be6 17. Rxe6 Nxf4 18. Rxe8 Qxe8 19. Qf3 Bd6 20. Ne4 Qd7 21.
Nxd6 Qxd6 22. Re1 c6 23. Re5 Rf8 24. Qxf4 1-0

[Event "URU-chT 30th"]
[Site "Mercedes"]
[Date "2003.11.22"]
[Round "3"]
[White "Izquierdo, Daniel"]
[Black "Rodriguez Vila, Andres"]
[Result "1-0"]
[WhiteElo "2302"]
[BlackElo "2485"]
[PlyCount "65"]
[EventDate "2003.11.22"]
[EventType "team"]
[EventRounds "5"]
[EventCountry "URU"]
[SourceTitle "CBM 097 Extra"]
[Source "ChessBase"]
[SourceDate "2004.01.13"]
[SourceVersion "1"]
[SourceVersionDate "2004.01.13"]
[SourceQuality "1"]

1. d4 g6 2. e4 d6 3. Nc3 Nd7 4. Be3 Bg7 5. Qd2 a6 6. h4 b5 7. O-O-O Nb6 8. f3
b4 9. Nb1 a5 10. h5 d5 11. e5 e6 12. b3 c5 13. dxc5 Nd7 14. c6 Nxe5 15. Bd4 Bf6
16. Bb5 Qc7 17. hxg6 fxg6 18. Nh3 Rb8 19. Qe2 Nxc6 20. Bxc6+ Qxc6 21. Bxf6 Nxf6
22. Qe5 O-O 23. Qxb8 e5 24. Qxe5 Bf5 25. Rd2 Rc8 26. Kb2 a4 27. g4 axb3 28.
cxb3 Bxb1 29. Kxb1 d4 30. Ng5 Re8 31. Qxd4 h6 32. Ne4 Nxe4 33. fxe4 1-0

[Event "URU-chT 30th"]
[Site "Mercedes"]
[Date "2003.11.23"]
[Round "5"]
[White "Donatti, Alvaro"]
[Black "Rodriguez Vila, Andres"]
[Result "1/2-1/2"]
[WhiteElo "2215"]
[BlackElo "2485"]
[PlyCount "46"]
[EventDate "2003.11.22"]
[EventType "team"]
[EventRounds "5"]
[EventCountry "URU"]
[SourceTitle "CBM 097 Extra"]
[Source "ChessBase"]
[SourceDate "2004.01.13"]
[SourceVersion "1"]
[SourceVersionDate "2004.01.13"]
[SourceQuality "1"]

1. e4 e6 2. d4 d5 3. e5 c5 4. c3 Nc6 5. Nf3 Bd7 6. a3 Rc8 7. Be2 Qb6 8. O-O
cxd4 9. cxd4 Na5 10. Nc3 Nh6 11. Bd3 Nb3 12. Rb1 Nxd4 13. Nxd4 Qxd4 14. Be3 Qh4
15. Qd2 d4 16. Bg5 dxc3 17. bxc3 Qa4 18. Rfd1 f5 19. exf6 Nf7 20. Bc2 Qc6 21.
Be4 Qa4 22. Bc2 Qc6 23. Be4 Qa4 1/2-1/2

[Event "Pereyra Puebla Memorial 02nd"]
[Site "Mendoza"]
[Date "2003.12.09"]
[Round "5"]
[White "Fernandez, Jorge Luis"]
[Black "Rodriguez Vila, Andres"]
[Result "0-1"]
[WhiteElo "2266"]
[BlackElo "2498"]
[PlyCount "68"]
[EventDate "2003.12.06"]
[EventType "swiss"]
[EventRounds "9"]
[EventCountry "ARG"]
[SourceTitle "CBM 097 Extra"]
[Source "ChessBase"]
[SourceDate "2004.01.13"]
[SourceVersion "1"]
[SourceVersionDate "2004.01.13"]
[SourceQuality "1"]

1. d4 g6 2. Nf3 f5 3. Bf4 d6 4. c3 Bg7 5. Nbd2 Nf6 6. h3 O-O 7. Qb3+ e6 8. e3
Nc6 9. g4 Kh8 10. Be2 Qe7 11. gxf5 gxf5 12. Rg1 e5 13. dxe5 dxe5 14. Bg5 Rb8
15. Nh4 b5 16. Qc2 Qe6 17. Nb3 Ne4 18. Bf3 Nxg5 19. Rxg5 e4 20. Be2 Qf6 21. Rh5
Bd7 22. Ng2 Be8 23. Rh4 Qg5 24. Bf1 Bh5 25. Rxh5 Qxh5 26. Nf4 Qf7 27. O-O-O b4
28. c4 Rfd8 29. Rd5 Ne5 30. Nd4 c6 31. Ra5 Rxd4 32. exd4 Nf3 33. Qe2 Nxd4 34.
Qd1 Qe7 0-1

[Event "Pereyra Puebla Memorial 02nd"]
[Site "Mendoza"]
[Date "2003.12.11"]
[Round "7"]
[White "Needleman, Alejandro"]
[Black "Rodriguez Vila, Andres"]
[Result "1-0"]
[WhiteElo "2411"]
[BlackElo "2498"]
[PlyCount "47"]
[EventDate "2003.12.06"]
[EventType "swiss"]
[EventRounds "9"]
[EventCountry "ARG"]
[SourceTitle "CBM 097 Extra"]
[Source "ChessBase"]
[SourceDate "2004.01.13"]
[SourceVersion "1"]
[SourceVersionDate "2004.01.13"]
[SourceQuality "1"]

1. e4 e6 2. d4 d5 3. exd5 exd5 4. Nf3 Bd6 5. c4 Nf6 6. Nc3 dxc4 7. Bxc4 O-O 8.
O-O Bg4 9. Bg5 Be7 10. Re1 Nc6 11. d5 Na5 12. Be2 b6 13. Nd4 Bxe2 14. Qxe2 Nxd5
15. Bxe7 Nxe7 16. Rad1 Nd5 17. Ne6 fxe6 18. Qxe6+ Kh8 19. Nxd5 Qh4 20. g3 Qc4
21. Nf4 c5 22. Rd5 Qa4 23. Rh5 Qe8 24. Ng6+ 1-0

[Event "Pereyra Puebla Memorial 02nd"]
[Site "Mendoza"]
[Date "2003.12.12"]
[Round "8"]
[White "Rodriguez Vila, Andres"]
[Black "Gatti, Juan Manuel"]
[Result "1-0"]
[WhiteElo "2498"]
[BlackElo "2046"]
[PlyCount "53"]
[EventDate "2003.12.06"]
[EventType "swiss"]
[EventRounds "9"]
[EventCountry "ARG"]
[SourceTitle "CBM 097 Extra"]
[Source "ChessBase"]
[SourceDate "2004.01.13"]
[SourceVersion "1"]
[SourceVersionDate "2004.01.13"]
[SourceQuality "1"]

1. e4 c5 2. Ne2 d6 3. g3 g6 4. Bg2 Bg7 5. d4 cxd4 6. Nxd4 Nf6 7. Nc3 Nc6 8.
Nxc6 bxc6 9. e5 dxe5 10. Qxd8+ Kxd8 11. Bxc6 Rb8 12. Be3 Kc7 13. Ba4 Bb7 14.
Nb5+ Kc8 15. Nxa7+ Kc7 16. Nb5+ Kc8 17. O-O Nd5 18. Bc5 Ra8 19. Bb3 e4 20. Rad1
Rd8 21. c4 Ba6 22. a4 Nc7 23. Rxd8+ Kxd8 24. Rd1+ Kc8 25. Bxe7 Bxb2 26. Rd8+
Kb7 27. Nxc7 1-0

[Event "Buenos Aires CGT"]
[Site "Buenos Aires"]
[Date "2003.12.13"]
[Round "3.1"]
[White "Rodriguez Vila, Andres"]
[Black "Sorin, Ariel"]
[Result "1-0"]
[WhiteElo "2498"]
[BlackElo "2512"]
[PlyCount "101"]
[EventDate "2003.12.11"]
[EventType "tourn"]
[EventRounds "11"]
[EventCountry "ARG"]
[EventCategory "8"]
[SourceTitle "CBM 097 Extra"]
[Source "ChessBase"]
[SourceDate "2004.01.13"]
[SourceVersion "1"]
[SourceVersionDate "2004.01.13"]
[SourceQuality "1"]

1. e4 e5 2. Nf3 Nc6 3. Bc4 Bc5 4. c3 Nf6 5. d3 a6 6. Nbd2 O-O 7. h3 Re8 8. O-O
d5 9. exd5 Nxd5 10. Ne4 Be7 11. Re1 Bf5 12. Ng3 Be6 13. Nxe5 Nxe5 14. Rxe5 Nxc3
15. Qe1 Nb5 16. Bxe6 fxe6 17. Qe4 Bf6 18. Rxe6 Qd7 19. Rxe8+ Rxe8 20. Qc4+ Qe6
21. Qxe6+ Rxe6 22. Ne4 Bd4 23. Kf1 Rc6 24. Rb1 Nd6 25. Ke2 Nxe4 26. dxe4 Bb6
27. Bd2 Rc2 28. Kd3 Rc6 29. f3 h5 30. Bc3 Rg6 31. g4 hxg4 32. hxg4 Rh6 33. e5
Kf7 34. Ke4 Rh2 35. Re1 Rg2 36. Kf5 g6+ 37. Kg5 Ke6 38. Re4 Rg3 39. f4 Bc5 40.
Bb4 Be3 41. Be1 Rf3 42. Bc3 Bc1 43. Rc4 c5 44. Kxg6 Kd5 45. e6 Kxc4 46. e7 Rxf4
47. e8=Q Rxg4+ 48. Kf5 Rf4+ 49. Ke5 b5 50. Qg6 Be3 51. Qc2 1-0

[Event "Buenos Aires CGT"]
[Site "Buenos Aires"]
[Date "2003.12.15"]
[Round "5.2"]
[White "Zambrana, Oswaldo"]
[Black "Rodriguez Vila, Andres"]
[Result "1/2-1/2"]
[WhiteElo "2438"]
[BlackElo "2498"]
[PlyCount "74"]
[EventDate "2003.12.11"]
[EventType "tourn"]
[EventRounds "11"]
[EventCountry "ARG"]
[EventCategory "8"]
[SourceTitle "CBM 097 Extra"]
[Source "ChessBase"]
[SourceDate "2004.01.13"]
[SourceVersion "1"]
[SourceVersionDate "2004.01.13"]
[SourceQuality "1"]

1. e4 d6 2. d4 Nd7 3. Nf3 g6 4. Nc3 Bg7 5. Be3 Ngf6 6. h3 O-O 7. Qd2 a6 8. a4
b6 9. Bc4 e5 10. dxe5 dxe5 11. O-O Bb7 12. Rad1 Qe7 13. Nd5 Nxd5 14. Bxd5 Bxd5
15. Qxd5 Nf6 16. Qc4 Rfd8 17. Rd2 a5 18. Rfd1 Rxd2 19. Rxd2 h6 20. Rd3 Ne8 21.
Qd5 Rb8 22. b3 Nd6 23. Bc1 Kh7 24. Ba3 Rd8 25. Qc6 Bf8 26. Nd2 Qd7 27. Qd5 f6
28. Bxd6 Bxd6 29. Nc4 Qe7 30. Kf1 Kg7 31. Ke2 h5 32. c3 Kf8 33. Qc6 Qe8 34. Qb7
Rb8 35. Qd5 Rd8 36. Rf3 Kg7 37. Qb7 Bc5 1/2-1/2

[Event "Buenos Aires CGT"]
[Site "Buenos Aires"]
[Date "2003.12.18"]
[Round "8.4"]
[White "Rodriguez Vila, Andres"]
[Black "Fiorito, Fabian"]
[Result "1-0"]
[WhiteElo "2498"]
[BlackElo "2420"]
[PlyCount "51"]
[EventDate "2003.12.11"]
[EventType "tourn"]
[EventRounds "11"]
[EventCountry "ARG"]
[EventCategory "8"]
[SourceTitle "CBM 097 Extra"]
[Source "ChessBase"]
[SourceDate "2004.01.13"]
[SourceVersion "1"]
[SourceVersionDate "2004.01.13"]
[SourceQuality "1"]

1. f4 c5 2. Nf3 g6 3. g3 Bg7 4. Bg2 Nc6 5. e4 d6 6. O-O e6 7. Nc3 Nge7 8. d3
O-O 9. Be3 Nd4 10. Qd2 Nxf3+ 11. Bxf3 Nc6 12. Rae1 Rb8 13. e5 Nd4 14. Bg2 Nf5
15. Bf2 h5 16. h3 b6 17. g4 hxg4 18. hxg4 Nd4 19. Ne4 d5 20. Ng5 Nc6 21. Qe3
Bh6 22. Bh4 Qc7 23. Qh3 Bg7 24. Nh7 Rd8 25. Bf6 Ne7 26. Ng5 1-0

[Event "Buenos Aires CGT"]
[Site "Buenos Aires"]
[Date "2003.12.19"]
[Round "9.4"]
[White "Pierrot, Juan Facundo"]
[Black "Rodriguez Vila, Andres"]
[Result "1/2-1/2"]
[WhiteElo "2433"]
[BlackElo "2498"]
[PlyCount "30"]
[EventDate "2003.12.11"]
[EventType "tourn"]
[EventRounds "11"]
[EventCountry "ARG"]
[EventCategory "8"]
[SourceTitle "CBM 097 Extra"]
[Source "ChessBase"]
[SourceDate "2004.01.13"]
[SourceVersion "1"]
[SourceVersionDate "2004.01.13"]
[SourceQuality "1"]

1. e4 c5 2. Nf3 Nc6 3. c3 e6 4. d4 d5 5. exd5 exd5 6. Bb5 Bd6 7. dxc5 Bxc5 8.
O-O Nge7 9. Nbd2 O-O 10. Nb3 Bb6 11. Re1 Bg4 12. Be3 Bxe3 13. Rxe3 Nf5 14. Re1
Qb6 15. Be2 Rad8 1/2-1/2

[Event "Buenos Aires CGT"]
[Site "Buenos Aires"]
[Date "2003.12.21"]
[Round "11.5"]
[White "Rodriguez, Jorge Luis"]
[Black "Rodriguez Vila, Andres"]
[Result "0-1"]
[WhiteElo "2411"]
[BlackElo "2498"]
[PlyCount "24"]
[EventDate "2003.12.11"]
[EventType "tourn"]
[EventRounds "11"]
[EventCountry "ARG"]
[EventCategory "8"]
[SourceTitle "CBM 097 Extra"]
[Source "ChessBase"]
[SourceDate "2004.01.13"]
[SourceVersion "1"]
[SourceVersionDate "2004.01.13"]
[SourceQuality "1"]

1. d4 d6 2. e4 Nd7 3. Nf3 g6 4. Nc3 Bg7 5. Be2 e5 6. O-O Ne7 7. Be3 h6 8. Re1
O-O 9. Bf1 f5 10. dxe5 dxe5 11. exf5 gxf5 12. Qxd7 Bxd7 0-1

[Event "Cipolletti"]
[Site "Cipolletti"]
[Date "2003.12.26"]
[Round "1.5"]
[White "Rodriguez Vila, Andres"]
[Black "Valiente, Cristobal"]
[Result "1-0"]
[WhiteElo "2498"]
[BlackElo "2324"]
[PlyCount "95"]
[EventDate "2003.12.26"]
[EventType "tourn"]
[EventRounds "9"]
[EventCountry "ARG"]
[EventCategory "3"]
[SourceTitle "CBM 098 Extra"]
[Source "ChessBase"]
[SourceDate "2004.03.10"]
[SourceVersion "2"]
[SourceVersionDate "2004.03.10"]
[SourceQuality "1"]

1. e4 e6 2. Qe2 Be7 3. g3 Nf6 4. e5 Nd5 5. c4 Nb4 6. d4 c5 7. dxc5 Bxc5 8. Nc3
O-O 9. Ne4 Be7 10. Nf3 f5 11. exf6 Bxf6 12. Bg2 d5 13. Nxf6+ Qxf6 14. O-O dxc4
15. Bg5 Qf7 16. Ne5 Qe8 17. Nxc4 N8c6 18. Rfd1 e5 19. Nd6 Qg6 20. h4 h6 21. Be4
Qe6 22. Be3 Ne7 23. Nxb7 Nbd5 24. Nc5 Qf7 25. Nd3 Ba6 26. Bc5 Rad8 27. Qe1 Qf6
28. Bxa7 Nc6 29. Nc5 Bc4 30. b3 Nxa7 31. bxc4 Nb6 32. Rxd8 Rxd8 33. Nb7 Rd4 34.
c5 Nc4 35. Rd1 Kh8 36. Rxd4 exd4 37. Bd5 Qe5 38. Qxe5 Nxe5 39. Nd6 g5 40. hxg5
hxg5 41. Kf1 Kh7 42. f4 gxf4 43. gxf4 Nec6 44. a4 Kg6 45. Nb5 Kf5 46. Nxa7 Nxa7
47. Ke2 Kxf4 48. Bb7 1-0

[Event "Cipolletti"]
[Site "Cipolletti"]
[Date "2003.12.27"]
[Round "3.4"]
[White "Rodriguez Vila, Andres"]
[Black "Szmetan, Ricardo"]
[Result "1-0"]
[WhiteElo "2498"]
[BlackElo "2322"]
[PlyCount "55"]
[EventDate "2003.12.26"]
[EventType "tourn"]
[EventRounds "9"]
[EventCountry "ARG"]
[EventCategory "3"]
[SourceTitle "CBM 098 Extra"]
[Source "ChessBase"]
[SourceDate "2004.03.10"]
[SourceVersion "2"]
[SourceVersionDate "2004.03.10"]
[SourceQuality "1"]

1. e4 c5 2. Ne2 g6 3. d4 cxd4 4. Nxd4 Bg7 5. Nc3 Nc6 6. Nb3 Nf6 7. g4 d5 8.
exd5 Nb4 9. Bb5+ Kf8 10. Be2 e6 11. d6 Bd7 12. g5 Nh5 13. Be3 h6 14. Bxh5 gxh5
15. gxh6 Bxh6 16. Bxh6+ Rxh6 17. Qd2 Rg6 18. O-O-O Qg5 19. f4 Qg2 20. Ne2 Re8
21. Nbd4 Nc6 22. Rhg1 Qd5 23. Rxg6 fxg6 24. f5 Kg7 25. fxe6 Qxa2 26. Qc3 Ne5
27. Nf5+ Kf6 28. exd7 1-0

[Event "Cipolletti"]
[Site "Cipolletti"]
[Date "2003.12.27"]
[Round "4.3"]
[White "Aguila, Gustavo"]
[Black "Rodriguez Vila, Andres"]
[Result "1/2-1/2"]
[WhiteElo "2281"]
[BlackElo "2498"]
[PlyCount "41"]
[EventDate "2003.12.26"]
[EventType "tourn"]
[EventRounds "9"]
[EventCountry "ARG"]
[EventCategory "3"]
[SourceTitle "CBM 098 Extra"]
[Source "ChessBase"]
[SourceDate "2004.03.10"]
[SourceVersion "2"]
[SourceVersionDate "2004.03.10"]
[SourceQuality "1"]

1. Nf3 d6 2. d4 g6 3. e4 Bg7 4. c3 Nd7 5. Be2 e5 6. dxe5 dxe5 7. O-O Ngf6 8.
Qc2 O-O 9. Rd1 Qe7 10. b3 Rd8 11. Ba3 Qe8 12. Ng5 Bh6 13. h4 Nf8 14. Rxd8 Qxd8
15. Nd2 Bxg5 16. hxg5 N6d7 17. Nf3 Ne6 18. Rd1 Nf4 19. Bf1 Qe8 20. g3 Ne6 21.
Qd2 1/2-1/2

[Event "Cipolletti"]
[Site "Cipolletti"]
[Date "2003.12.28"]
[Round "5.3"]
[White "Rodriguez Vila, Andres"]
[Black "Salazar, Carlos"]
[Result "1-0"]
[WhiteElo "2498"]
[BlackElo "2181"]
[PlyCount "49"]
[EventDate "2003.12.26"]
[EventType "tourn"]
[EventRounds "9"]
[EventCountry "ARG"]
[EventCategory "3"]
[SourceTitle "CBM 098 Extra"]
[Source "ChessBase"]
[SourceDate "2004.03.10"]
[SourceVersion "2"]
[SourceVersionDate "2004.03.10"]
[SourceQuality "1"]

1. e4 c6 2. f4 d5 3. e5 Bf5 4. Be2 e6 5. Nf3 c5 6. Na3 Nc6 7. O-O h6 8. d3 Nge7
9. c3 f6 10. exf6 gxf6 11. Nh4 Qd7 12. Bh5+ Kd8 13. Qe2 Bh7 14. Re1 e5 15. fxe5
Nxe5 16. d4 cxd4 17. cxd4 N5c6 18. Qf2 f5 19. Bf4 Bg7 20. Rad1 a6 21. Nc2 b5
22. Qg3 Nc8 23. Bg6 Bf6 24. Bxh7 Qxh7 25. Re6 1-0

[Event "Cipolletti"]
[Site "Cipolletti"]
[Date "2003.12.29"]
[Round "7.2"]
[White "Rodriguez Vila, Andres"]
[Black "Pizarro, Pablo"]
[Result "1-0"]
[WhiteElo "2498"]
[BlackElo "2164"]
[PlyCount "49"]
[EventDate "2003.12.26"]
[EventType "tourn"]
[EventRounds "9"]
[EventCountry "ARG"]
[EventCategory "3"]
[SourceTitle "CBM 098 Extra"]
[Source "ChessBase"]
[SourceDate "2004.03.10"]
[SourceVersion "2"]
[SourceVersionDate "2004.03.10"]
[SourceQuality "1"]

1. e4 c5 2. Nf3 Nc6 3. d4 cxd4 4. Nxd4 Nf6 5. Nc3 e5 6. Nde2 h6 7. Ng3 Bb4 8.
Bc4 Na5 9. Bd3 Bxc3+ 10. bxc3 d5 11. exd5 Qxd5 12. O-O Be6 13. Qe2 O-O 14. Ba3
Rfe8 15. Rfd1 Qc6 16. Bb5 Bc4 17. Bxc6 Bxe2 18. Bxe8 Bxd1 19. Bxf7+ Kxf7 20.
Rxd1 Nc4 21. Bc1 Ke6 22. f4 e4 23. Re1 Kd5 24. Nf5 Ne8 25. Ne7+ 1-0

[Event "Cipolletti"]
[Site "Cipolletti"]
[Date "2003.12.29"]
[Round "8.5"]
[White "Leskovar Raimondi, Matias"]
[Black "Rodriguez Vila, Andres"]
[Result "0-1"]
[WhiteElo "2245"]
[BlackElo "2498"]
[PlyCount "70"]
[EventDate "2003.12.26"]
[EventType "tourn"]
[EventRounds "9"]
[EventCountry "ARG"]
[EventCategory "3"]
[SourceTitle "CBM 098 Extra"]
[Source "ChessBase"]
[SourceDate "2004.03.10"]
[SourceVersion "2"]
[SourceVersionDate "2004.03.10"]
[SourceQuality "1"]

1. d4 d6 2. e4 Nd7 3. Nf3 g6 4. Bc4 e6 5. O-O Bg7 6. c3 Ne7 7. Bb3 O-O 8. Re1
b6 9. Nbd2 Bb7 10. Nf1 h6 11. Ng3 c5 12. h4 Qc7 13. h5 g5 14. Qd3 Rac8 15. Bc2
Rfd8 16. Nxg5 hxg5 17. Bxg5 cxd4 18. e5 Nf8 19. h6 Qc6 20. f3 Bxh6 21. Bxh6
dxc3 22. b4 Qd5 23. Qf1 Qd4+ 24. Re3 Qh4 25. Bxf8 Kxf8 26. Ne4 Nd5 27. Re2 Ba6
28. Qf2 Qxf2+ 29. Rxf2 dxe5 30. a3 f5 31. Ng5 Ke7 32. Re1 Kf6 33. Nh3 Rh8 34.
f4 e4 35. Ng5 e5 0-1

[Event "Cipolletti"]
[Site "Cipolletti"]
[Date "2003.12.30"]
[Round "9.1"]
[White "Rodriguez Vila, Andres"]
[Black "Pacheco, Daniel"]
[Result "1-0"]
[WhiteElo "2498"]
[BlackElo "2332"]
[PlyCount "135"]
[EventDate "2003.12.26"]
[EventType "tourn"]
[EventRounds "9"]
[EventCountry "ARG"]
[EventCategory "3"]
[SourceTitle "CBM 098 Extra"]
[Source "ChessBase"]
[SourceDate "2004.03.10"]
[SourceVersion "2"]
[SourceVersionDate "2004.03.10"]
[SourceQuality "1"]

1. e4 e6 2. d4 d5 3. e5 c5 4. c3 Nc6 5. Nf3 Qc7 6. Na3 f6 7. Nb5 Qb8 8. exf6
Nxf6 9. g3 cxd4 10. cxd4 Bb4+ 11. Bd2 Bxd2+ 12. Qxd2 O-O 13. Bd3 e5 14. dxe5
Ne4 15. Bxe4 dxe4 16. Qd5+ Kh8 17. Qxe4 Bh3 18. Ng5 Bf5 19. Qe3 Nxe5 20. Nd4
Ng4 21. Qe2 Re8 22. Nge6 Bxe6 23. Nxe6 Qc8 24. O-O Qxe6 25. Qxe6 Rxe6 26. Rae1
Ne5 27. Kg2 Rae8 28. Re3 Nc6 29. Rxe6 Rxe6 30. Rd1 h6 31. Rd2 Kg8 32. f4 Kf8
33. h4 Ke7 34. h5 Rd6 35. Re2+ Kf7 36. Kh3 Rd3 37. Kg4 Ne7 38. Re5 Nd5 39. Kf5
Ne3+ 40. Ke4 Rd2 41. Kxe3 Rxb2 42. Ra5 a6 43. Ke4 Ke6 44. Re5+ Kd6 45. Ra5 Rh2
46. g4 Ke6 47. Re5+ Kd6 48. a4 b6 49. a5 Rb2 50. Kf5 Rb4 51. axb6 Rxb6 52. Re6+
Kc5 53. Re7 a5 54. Rxg7 a4 55. g5 Ra6 56. g6 a3 57. Rc7+ Kd6 58. g7 Kxc7 59.
g8=Q a2 60. Qg7+ Kc6 61. Qa1 Kd7 62. Kg4 Kc8 63. f5 Kd7 64. f6 Ra5 65. f7 Rg5+
66. Kh4 Ke7 67. Qxa2 Kf8 68. Qe6 1-0

[Event "Sao Paulo CXSP"]
[Site "Sao Paulo"]
[Date "2004.01.07"]
[Round "1"]
[White "Van Riemsdijk, Herman Claudius"]
[Black "Rodriguez Vila, Andres"]
[Result "0-1"]
[WhiteElo "2409"]
[BlackElo "2485"]
[PlyCount "96"]
[EventDate "2004.01.06"]
[EventType "tourn"]
[EventRounds "11"]
[EventCountry "BRA"]
[EventCategory "3"]
[SourceTitle "CBM 098 Extra"]
[Source "ChessBase"]
[SourceDate "2004.03.10"]
[SourceVersion "2"]
[SourceVersionDate "2004.03.10"]
[SourceQuality "1"]

1. e4 d6 2. d4 Nd7 3. g3 c5 4. c3 Rb8 5. Bg2 b5 6. Nf3 e5 7. O-O Ngf6 8. Re1
Be7 9. Nbd2 O-O 10. a4 a6 11. Bf1 Qb6 12. dxe5 dxe5 13. axb5 axb5 14. c4 b4 15.
Nh4 Re8 16. Nf5 Nf8 17. Ne3 Ne6 18. b3 Qb7 19. Bb2 Nd4 20. Nd5 Nd7 21. Bg2 Nf8
22. f4 f6 23. f5 Bd7 24. Kf2 Bc6 25. Bf3 Ra8 26. Rxa8 Rxa8 27. Qc1 Bd8 28. Bd1
Nd7 29. g4 Ra6 30. Re3 Nb6 31. Rg3 Nc8 32. h4 Nd6 33. Bc2 Nf7 34. Bb1 Qa7 35.
Re3 Be8 36. h5 Ng5 37. Kg2 Qf7 38. Nf1 Qf8 39. Ng3 Ra7 40. Rd3 g6 41. Qh1 gxh5
42. gxh5 Qh6 43. Bc1 Ra1 44. Bb2 Rxb1 45. Qxb1 Bxh5 46. Qg1 Bf3+ 47. Kf1 Qh3+
48. Ke1 Bxe4 0-1